LEADER 01809nam 2200541 a 450 001 9910452905003321 005 20200520144314.0 010 $a1-62257-496-6 035 $a(CKB)2550000001042796 035 $a(EBL)3020580 035 $a(SSID)ssj0001175702 035 $a(PQKBManifestationID)11772588 035 $a(PQKBTitleCode)TC0001175702 035 $a(PQKBWorkID)11139836 035 $a(PQKB)10745635 035 $a(MiAaPQ)EBC3020580 035 $a(Au-PeEL)EBL3020580 035 $a(CaPaEBR)ebr10677971 035 $a(OCoLC)923664059 035 $a(EXLCZ)992550000001042796 100 $a20130301d2012 uy 0 101 0 $aeng 135 $aur|n|---||||| 181 $ctxt 182 $cc 183 $acr 200 00$aClimate change disclosure and financial risk$b[electronic resource] $emerits and concerns /$fCarolyn S. Lawrence and Lloyd T. Wheeler, editors 210 $aNew York $cNova Publishers$d2012 215 $a1 online resource (126 p.) 225 1 $aClimate change and its causes, effects, and prediction 225 1 $aFinancial institutions and services 300 $aDescription based upon print version of record. 311 $a1-62257-462-1 320 $aIncludes bibliographical references and index. 410 0$aClimate change and its causes, effects, and prediction series. 410 0$aFinancial institutions and services series. 606 $aDisclosure of information 608 $aElectronic books. 615 0$aDisclosure of information. 701 $aLawrence$b Carolyn S$0921662 701 $aWheeler$b Lloyd T$0921663 801 0$bMiAaPQ 801 1$bMiAaPQ 801 2$bMiAaPQ 906 $aBOOK 912 $a9910452905003321 996 $aClimate change disclosure and financial risk$92067678 997 $aUNINA LEADER 01466nam a2200277 4500 001 991003121519707536 005 20250430125950.0 008 950327n xx f b 000 lat 035 $ab14284145-39ule_inst 035 $aCICOGNARA-3562$9ExL 040 $aBibl. Interfacoltà T. Pellegrino$bita 041 0 $alat 100 1 $aPiroli, Tommaso$d<1750-1824>$0211574 245 10$aPetro Leopoldo austriaco M. E. D. ... Niobes historium graecae sculpturae miraculum Medicei olim ruris in Urbe decus nunc Florentiae ornamentum Thomas Piroli D. D. C. 260 $a[s.l.,$bs.n.,$cs.d.] 300 $a1 p. :$b16 tav. (incl. front.).; $c45 cm. 500 $aFront. inciso. 500 $aRiproduzione in microfiche dell'originale conservato presso la Biblioteca Apostolica Vaticana 787 18$iLeopoldo Cicognara Program :$tBiblioteca Cicognara$h[microform] : literary sources in the history of art and kindred subjects 787 18$tCatalogo ragionato dei libri d'arte e d'antichità / Leopoldo Cicognara 907 $a.b14284145$b01-04-22$c28-07-16 912 $a991003121519707536 945 $aLE002 SB Raccolta Cicognara, mcrf 3542$g0$lle002$pE0.00$rn$so $t11$u0$v0$w0$x0$y.i15755423$z28-07-16 996 $aPetro Leopoldo austriaco M. E. D. ... Niobes historium graecae sculpturae miraculum Medicei olim ruris in Urbe decus nunc Florentiae ornamentum Thomas Piroli D. D. C$91390360 997 $aUNISALENTO 998 $ale002$b28-07-16$cm$dg $e-$flat$gxx $h0$i1